Participants de LOL qui rit sort (saison 1) par images - Statistiques

Statistiques générales
  • Ce quiz a été pris 259 fois
  • Le résultat moyen est 6 sur 10
Statistiques - réponses
Par images Réponse % Correct
Alexandra Lamy
96%
Gérard Jugnot
90%
Inès Reg
85%
Kyan Khojandi
71%
Tarek Boudali
70%
Hakim Jemili
60%
Bérengère Krief
52%
Julien Arruti
49%
Fadily Camara
39%
Reem Kherici
24%
Aucun quiz correspondant
Distribution des résultats
% des personnes avec chaque résultat
Percentile par nombre de réponses
Votre historique - résultats
Vous n’avez pas pris ce quiz